000 00206nam a2200073Ia 4500
008 170523s9999 xx 000 0 und d
100 _aMahajan- M.
245 0 _aIndustrial Engineering and Production Management
260 _aDhanpat Rai & Co.
999 _c12221
_d12221